000 00445nam a22001817a 4500
003 CEME
005 20210628203114.0
008 210118b xxu||||| |||| 00| 0 eng d
020 _a9812-53-153-X
040 _cceme
082 _a515 FLE
100 _aFletcher , R
_963337
245 _aPrctical methods of optimization
260 _aNEW YORK
_bJOHN WILEY
_c2003
300 _aXII,436 P
650 _aOPTIMIZATION
_956563
942 _cBK
_2ddc
999 _c572196
_d572196